| 000 | 00394nam a22001817a 4500 | ||
|---|---|---|---|
| 005 | 20251108172625.0 | ||
| 008 | 250721s1999 xx 000 0 eng d | ||
| 082 | 1 | 4 | _a530/pet |
| 100 | 1 | _apeter, wollson | |
| 245 | 1 | 0 | _aphysics / |
| 250 | _a2 | ||
| 264 | 1 |
_alondon : _bmcgrow, _c1999. |
|
| 300 | _a599 | ||
| 650 | 1 | 7 | _aphysics |
| 650 | 1 | 7 | _acomputer |
| 942 |
_2ddc _cBK |
||
| 999 |
_c84324 _d84324 |
||